Elecciones en México, entre la incertidumbre y la polarización /
Las elecciones presidenciales en México estuvieron, desde el comienzo, marcadas por los golpes bajos y la guerra sucia. Finalmente, los resultados del 2 de julio confirmaron el peor de los escenarios posibles: una fuerte polarización y una diferencia estrecha, de menos de un punto, entre el candidat...
Guardado en:
| Hovedforfatter: | |
|---|---|
| Format: | Texto |
| Fag: | |
| Tags: |
Tilføj Tag
Ingen Tags, Vær først til at tagge denne postø!
|
MARC
| LEADER | 00000 a a2200000 04500 | ||
|---|---|---|---|
| 001 | 10831 | ||
| 003 | |||
| 040 | |||
| 100 | |a Aziz Nassif, Alberto | ||
| 245 | |a Elecciones en México, entre la incertidumbre y la polarización / |c Alberto Aziz Nassif | ||
| 520 | |a Las elecciones presidenciales en México estuvieron, desde el comienzo, marcadas por los golpes bajos y la guerra sucia. Finalmente, los resultados del 2 de julio confirmaron el peor de los escenarios posibles: una fuerte polarización y una diferencia estrecha, de menos de un punto, entre el candidato del partido de gobierno, Felipe Calderón, y el líder de la izquierda, Andrés López Obrador. En esa contexto de incertidumbre y zozobra, López Obrador denunció fraude y lanzó un movimiento de resistencia civil cuyos objetivos no se ajustan a la lógica jurídica. En cualquier caso, la perspectiva es la de una crisis pos-electoral que sacude a la incipiente democracia mexicana y complica la formación del próximo gobierno | ||
| 650 | |a ELECCIONES | ||
| 650 | |a MEXICO | ||
| 650 | |a CONFLICTOS POLITICOS | ||
| 650 | |a SISTEMAS ELECTORALES | ||
| 773 | |g número 205; páginas 4-14 | ||
| 999 | |c 31218 |d 31218 | ||
